Rappeurs Old School - Statistiques

Statistiques générales
  • Ce quiz a été pris 179 fois
  • Le résultat moyen est 12 sur 16
Statistiques - réponses
Par images Réponse % Correct
2pac
97%
Eminem
95%
Akhenaton
93%
50 Cent
91%
Diam's
90%
Snoop Dogg
90%
The Notorious B.I.G
86%
Jay Z
81%
Joeystarr
80%
Rohff
76%
Ice Cube
71%
Oxmo Puccino
63%
Eazy-E
52%
Kool shen
50%
Le rat Luciano
37%
Dany Dan
14%
Aucun quiz correspondant
Distribution des résultats
% des personnes avec chaque résultat
Percentile par nombre de réponses
Votre historique - résultats
Vous n’avez pas pris ce quiz